Eminem Lyrics - Statistics

General Stats
  • This quiz has been taken 29 times
  • The average score is 13 of 30
Answer Stats
Hint Answer % Correct
1 Look if you had one shot or one opportunity Lose Yourself
100%
7 May I have your attention please? The Real Slim Shady
91%
2 Just gonna stand there and watch me burn Love the Way You Lie
86%
4 Obie Trice real name no gimmicks Without Me
82%
25 Hi kids! Do you like violence? My Name is
68%
24 My tea's gone cold I'm wondering why I got out of bed at all Stan
68%
13 I know that things may not always make sense to you right now Mockingbird
64%
5 ___(x2) to take a stand(x2) Not afraid
64%
6 Have you ever been hated or discriminated against? Cleaning out my closet
59%
17 'Cause I know you want me baby, I think I want you too Superman
55%
3 Shady, Convict, Upfront, Akon, Slim Shady Smack That
50%
20 Don't hurt me, don't hurt me, no more No love
45%
16 These ideas are nightmares to white parents Sing For the Moment
45%
30 The way you shake it, I can't believe it Ass Like That
41%
29 Lately I've been hard to reach, I've been too long on my own Beautiful
41%
28 Whatever, Dre just let it run, Turn the beat up a little bit The Way I am
41%
8 Guess whos back, back again Just Lose It
36%
21 Cause we came here to set this party off right Encore
32%
23 Step by step, heart to heart, left right left Like Toy Soldiers
32%
12 Shady Aftermath, BTOV Shake That
32%
19 Guess who? You miss me? We Made You
32%
14 it's my life, my own words I guess When I'm Gone
32%
10 Ladies and Gentlemen, This is the moment you've all been waiting for Crack a Bottle
27%
18 Y'all know me still the same ol' G Forgot about dre
23%
26 Who run it? You know, you actin' like you don't know You Dont Know
23%
15 Now this s***s about to kick off, this party looks wack Bezerk
14%
9 It may not mean nothing to yall Forever
14%
27 Now I don't really care what you call me That's All She Wrote
14%
22 I got ice in my veins, blood in my eyes Drop the World
9%
11 Im about to lose my mind I need a Doctor
5%
No matching quizzes found
Score Distribution
Percent of People with Each Score
Percentile by Number Answered
Your Score History
You have not taken this quiz